| 000 | 00691nam a22002057a 4500 | ||
|---|---|---|---|
| 005 | 20150729145639.0 | ||
| 010 | _aENG-113236 | ||
| 020 |
_a9788180387111 _c1995.00 |
||
| 035 | _aEN-96768 | ||
| 037 | _bDBAD/PUB | ||
| 082 | _a346.5406626 | ||
| 100 | _aRamanujam, S. | ||
| 245 |
_aMergers et al : _cby S. Ramanujam _bissues, implications and case law in corporate restructuring / |
||
| 250 | _a3rd thoroughly rev. & enl. ed | ||
| 260 |
_aGurgaon _bLexisNexis _c2011 |
||
| 270 |
_a14th Floor, Building No.10, Tower-B, DLF Cyber City, Phase-II _bGurgaon _e122002 |
||
| 300 |
_axcix,1418p. _c25cm(Hb) |
||
| 500 | _aIncludes index | ||
| 942 |
_2ddc _cEN _mRAM _h346.5406626 |
||
| 999 |
_c94113 _d94113 |
||